000 00412nam a2200157Ia 4500
005 20250401143546.0
008 231217s9999 xx 000 0 und d
020 _a9788131413159
082 _a361.614 MAL;1 R
100 _aMalleswari, V B ed.
245 0 _aHuman rights : a global agenda
260 _c2007
_bICFAI Press
_aHyderabad
300 _avii, 237
650 _arights,global,agenda
942 _cAA
999 _c189753
_d189753